Territories of the Dutch West Indies - Statistics

General Stats
  • This quiz has been taken 11 times
    7 since last reset
  • The average score is 7 of 11
Answer Stats
Territory % Correct
Aruba
100%
Bonaire
100%
Curacao
100%
Sint Maarten
86%
Sint Eustatius
71%
Saba
57%
Surinam
57%
Tobago
29%
Virgin Islands
29%
Bay Islands
14%
Saint Croix
14%
No matching quizzes found
Score Distribution
Percent of People with Each Score
Percentile by Number Answered
Your Score History
You have not taken this quiz since the last reset